Reprezentacje z najmniejszą liczbą ludności na Mistrzostwach Świata - Statystyki

Ogólne statystyki
  • Ten quiz został rozwiązany 63 razy
  • Średni wynik to 5 z 10
Statystyki odpowiedzi
Miejsce Reprezentacja Federacja Mistrzostwa Świata Liczba ludności % Poprawnych
1. Curaçao CONCACAF 2026 156 tys.
85%
2. Islandia UEFA 2018 352 tys.
78%
3. Republika Zielonego Przylądka CAF 2026 525 tys.
67%
4. Trynidad i Tobago CONCACAF 2006 1,3 mln
48%
9. Słowenia UEFA 2002 2 mln
44%
6. Paragwaj CONMEBOL 1950 1,4 mln
35%
10. Urugwaj CONMEBOL 1950 2,2 mln
35%
5. Irlandia Północna UEFA 1958 1,4 mln
24%
8. Zjednoczone Emiraty Arabskie AFC 1990 1,9 mln
24%
7. Kuwejt AFC 1982 1,5 mln
22%
Nie znaleziono quizów pasujących do podanych kryteriów
Rozkład punktacji
Procent ludzi z każdym wynikiem
Percentyl według liczby udzielonych odpowiedzi
Twoja historia wyników
Nie rozwiązałeś tego quizu